Internet v poisťovníctve
Nové príležitosti a úskalia, praktické možnosti a skúsenosti, predpokladané trendy v oblasti internetu v poisťovníctve. Komerčné využitie internetu. Internet a poisťovníctvo. Získavanie nových klientov prostredníctvom internetu. Reklama na internete. . Vypracovanie poistného návrhu. Uzavretie poistn...
Salvato in:
| Autore principale: | |
|---|---|
| Natura: | Capitolo di libro |
| Lingua: | slovacco |
| Soggetti: | |
| Tags: |
Nessun Tag, puoi essere il primo ad aggiungerne!!
|
MARC
| LEADER | 00000naa a2200000 4500 | ||
|---|---|---|---|
| 001 | r039079 | ||
| 005 | 20230918104440.4 | ||
| 041 | 0 | |a slo | |
| 044 | |a SK | ||
| 245 | 1 | 0 | |a Internet v poisťovníctve |c Ján Krajčík |
| 520 | |a Nové príležitosti a úskalia, praktické možnosti a skúsenosti, predpokladané trendy v oblasti internetu v poisťovníctve. Komerčné využitie internetu. Internet a poisťovníctvo. Získavanie nových klientov prostredníctvom internetu. Reklama na internete. . Vypracovanie poistného návrhu. Uzavretie poistnej zmluvy. Praktické skúsenosti s nezávislým oborovým webom. Pilotná ukážka on-line vytvorenia poistného návrhu a následného uzavretia poistky. | ||
| 610 | 2 | 0 | |a poisťovníctvo |
| 610 | 2 | 0 | |a internet |
| 610 | 2 | 0 | |a klienti |
| 610 | 2 | 0 | |a poistka |
| 610 | 2 | 0 | |a zmluvy poistné |
| 100 | 1 | |a Krajčík, Ján | |